000 00836nam a2200229Ia 4500
001 17719
003 GE_BSU
008 181216s||||||||xx |||||||||||||| ||und||
020 _a9789941453557
040 _cGE_BSU
080 _a634.6(042.4):581
100 _aკურდღელია, მ., კუცია, მ., ქუთელია, ქ.,
245 _aსუბტროპიკულ მცენარეთა ეკოლოგია
245 _cრედ.:ვ. ქობალია
260 _aქუთაისი
260 _bაკაკი წერეთლის სახ. უნ-ტი
260 _c2015
300 _a224 გვ.27სმ.
300 _eბიბლ.გვ.220-221
653 _aსუბტროპიკულ მცენარეთა ეკოლოგია
942 _cBK
999 _c50767
_d50767